000 00467nam a2200181 a 4500
001 1770806978428
003 YourLibrary
005 20260211162328.0
008 260211s1999##################000#0#eng##
020 _a9788173712005
082 0 4 _a330
_bBRU
100 1 _aBrundenius, Claes,
_eauthor.
245 1 0 _aReconstruction Or Destruction? :
260 _c1999.
650 0 _aDeveloping countries.
942 _cENGLISH
040 _aYourLibrary
_beng
_cYourLibrary
999 _c611872
_d611872